Open Data Biblioteca Nacional de Portugal


República Portuguesa: Ministério da Cultura
Biblioteca Nacional de Portugal

Catálogo da BNP: acesso por Identificadores Unívocos
Registos Bibliográficos associados ao registo de autoridade

Etiqueta de registo: 00254nam 2200025 450
001 2285851
003 http://id.bnportugal.gov.pt/bib/catbnp/2285851
100 ## $a20260506g16021603m y0pory01030103ba
101 0# $alat
102 ## $aFR
105 ## $aa z 000yy
106 ## $ar
200 1# $aDisputationum Roberti Bellarmini Politiani Cardinalis, S. R. E. Tit. S. Mariae in viâ. De Controuersiis Christianae fidei aduersus huis temporis haereticos. Epitome$flabore Fr. I. Baptistae Desbois Ordinis Minimorum.$gTomus primus [-quartus]
210 #9 $aParisiis$capud Nicolaum Buon in monte D. Hilarij, sub signo D. Claudiij,$d1602-1603
215 ## $a4 v.$cil., desdobr.$d8º (18 cm)
306 ## $aMarca do impressor na f. de rosto de cada tomo
307 ## $aF. de rosto do tomo 1 impressa a preto e vermelho
307 ## $aTexto com apostilhas marginais
316 ## $aExemplares enc. em pergaminho$5PTBN: R. 1834-1837 P.
321 ## $aBNE
327 11 $aT. 1. - 1602. - [8], 267, [5] f., [1] desdobr. - Assin.: ã//8, A-Pp//8 ; T. 2. - 1602. - [4], 265, [5] f. - Assin.: ã//4, A-Kk//8, Ll//6 ; T. 3. - 1603. - [5], 417, [5] f., [6] desdobr. - Assin.: [ ]//3, A-Ggg//8 ; T. 4. - 1603. - [2], 308, [4] f., [3] desdobr. - Assin.: [ ]//2, A-Pp//8, Qq//6, Rr//4
500 10 $aDe Controversiis Christianae fidei adversus huis temporis haereticos
620 ## $dParis
700 #0 $aRoberto Belarmino,$cSanto,$f1542-1621,$cS.J.$371475
702 #1 $aDesbois,$bJean Baptiste,$ffl. 1602$4340$31997785
702 #1 $aBuon,$bNicolas,$ffl. 1598-1628$4610$3254274
801 #0 $aPT$bBN$gRPC
856 40 $2Cópia digital do tomo 1 disponível em Google Books$uhttps://books.google.pt/books?id=HOgmTu2izssC&hl=pt-PT&pg=PP5#v=onepage&q&f=false
856 40 $2Cópia digital do tomo 2 disponível em Google Books$uhttps://www.google.pt/books/edition/Disputationum_Roberti_Bellarmini_De_Cont/wq8-PlxaRAYC?hl=pt-PT&gbpv=1&pg=PP5&printsec=frontcover
856 40 $2Cópia digital do tomo 3 disponível em Google Books$uhttps://www.google.pt/books/edition/Disputationum_Roberti_Bellarmini_De_Cont/kh0bgvyvgG0C?hl=pt-PT&gbpv=1&pg=PP5&printsec=frontcover
856 40 $2Cópia digital do tomo 4 disponível em Google Books$uhttps://www.google.pt/books/edition/Disputationum_Roberti_Bellarmini_De_Cont/pNamh5U3zCAC?hl=pt-PT&gbpv=1&pg=PP5&printsec=frontcover
966 ## $dT. 1$lBN$mFGMON$sR. 1834 P.
966 ## $dT. 2$lBN$mFGMON$sR. 1835 P.
966 ## $dT. 3$lBN$mFGMON$sR. 1836 P.
966 ## $dT. 4$lBN$mFGMON$sR. 1837 P.
971 ## $cpmesqui$d20260506
997 ## $aBIBEOD

OpendataBNP@bnportugal.pt | Mais informação sobre acesso aos dados BNP